Was ist der mensch?
Uloženo v:
| Hlavní autor: | |
|---|---|
| Médium: | Kniha |
| Jazyk: | němčina |
| Vydáno: |
Leipzig
Bei Jakob Hegner
1934
|
| Vydání: | 2a. ed |
| Témata: | |
| Tagy: |
Přidat tag
Žádné tagy, Buďte první, kdo vytvoří štítek k tomuto záznamu!
|
MARC
| LEADER | 00000cam a2200000 a 4500 | ||
|---|---|---|---|
| 001 | UCE6842 | ||
| 003 | CL-VaPUC | ||
| 008 | 150507e19340000gw |||||||||||||||||ger|d | ||
| 082 | 0 | 4 | |a 233 |b HAE |2 21 |
| 100 | |a Haecker, Theodor |e author |9 587717 | ||
| 245 | 1 | 0 | |a Was ist der mensch? |
| 250 | |a 2a. ed | ||
| 300 | |a 191 p | ||
| 942 | |c BK | ||
| 945 | |d 20150507 00:22:00 |a arojas | ||
| 260 | |a Leipzig |b Bei Jakob Hegner |c 1934 | ||
| 650 | 0 | |a Teología cristiana |9 308336 | |
| 650 | 7 | |a HOMBRE |2 CL-VaPUC |9 262149 | |
| 583 | |a last modification |c 20150507 00:22:00 |k Rodrigo Vera | ||
| 999 | |c 359022 |d 359020 | ||
| 952 | |0 0 |1 0 |3 erd |4 0 |6 233_000000000000000_HAE_1934 |7 0 |8 P |9 468009 |a BIBTEO |b BIBTES |c TEO_FTES |e Casale Rolle, Carlos Ignacio, -2014 |i 5172934 |o 233 HAE 1934 |p 5172934 |r 2024-01-18 |w 2019-11-23 |y BK |z Catalogado en:20150507 |k ICR | ||